000 00689nam a22002297a 4500
003 OSt
005 20260530115317.0
008 260507b1985 mx a|||| |||| 00| 0 spa d
020 _a9688401544
040 _aICI
_bspa
_cICI
_erda
041 _aspa
050 _aBD165
_bT83
100 _aTudela, Fernando,
_eautor
_933846
245 _aConocimiento y diseno /
_cFernando Tudela
264 _aMéxico, D.F. :
_bUniversidad Autónoma Metropolitana, Unidad Xochimilco,
_c1985
300 _a139 páginas :
_bilustraciones
336 _2rdacontent
_atexto
337 _2rdamedia
_asin medio
338 _2rdacarrier
_avolumen
650 4 _aTeoría del conocimiento
_921250
942 _2lcc
_cBK
_n1
999 _c13626
_d13626